Geography Series #5 - Statistics

General Stats
  • This quiz has been taken 44 times
  • The average score is 6 of 13
Answer Stats
Neutral Countries in WW2 % Correct
Switzerland
98%
Sweden
76%
Portugal
56%
Ireland
54%
Spain
54%
Liechtenstein
49%
Andorra
39%
Monaco
39%
Vatican City
34%
Turkey
32%
Afghanistan
10%
Saudi Arabia
10%
Yemen
10%
No matching quizzes found
Score Distribution
Percent of People with Each Score
Percentile by Number Answered
Your Score History
You have not taken this quiz